[Event "imp"]
[Site "?"]
[Date "2015.03.28"]
[Round "5.4"]
[White "Duda, Jan-krzysztof"]
[Black "Bartel, Mateusz"]
[Result "1/2-1/2"]
[LiveChessVersion "1.4.4"]
[BlackElo "2627"]
[WhiteElo "2597"]

1. e4 {[%clk 1:30:55]} e6 {[%clk 1:30:56]} 2. d4 {[%clk 1:31:14]} d5
{[%clk 1:31:20]} 3. Nc3 {[%clk 1:31:33]} Bb4 {[%clk 1:31:43]} 4. e5
{[%clk 1:31:31]} c5 5. a3 {[%clk 1:31:51]} Bxc3+ {[%clk 1:32:29]} 6. bxc3
{[%clk 1:32:12]} Ne7 {[%clk 1:32:57]} 7. Qg4 {[%clk 1:29:36]} cxd4
{[%clk 1:33:15]} 8. Qxg7 {[%clk 1:27:05]} Rg8 {[%clk 1:33:21]} 9. Qxh7
{[%clk 1:27:18]} Qc7 {[%clk 1:33:47]} 10. Ne2 {[%clk 1:27:11]} Nbc6
{[%clk 1:34:11]} 11. f4 {[%clk 1:26:30]} dxc3 {[%clk 1:34:32]} 12. Qd3
{[%clk 1:25:14]} d4 {[%clk 1:34:56]} 13. Nxd4 {[%clk 1:19:31]} Nxd4
{[%clk 1:35:10]} 14. Qxd4 {[%clk 1:18:56]} Bd7 {[%clk 1:35:36]} 15. Rg1
{[%clk 1:13:47]} Nf5 {[%clk 1:35:55]} 16. Qf2 {[%clk 1:14:11]} Qc6
{[%clk 1:36:21]} 17. Bd3 {[%clk 1:13:47]} Qd5 {[%clk 1:35:36]} 18. Rb1
{[%clk 1:02:45]} Bc6 {[%clk 1:31:18]} 19. Rb3 {[%clk 1:00:12]} O-O-O
{[%clk 1:27:53]} 20. Rxc3 {[%clk 0:59:35]} Kb8 {[%clk 1:26:21]} 21. Qc5
{[%clk 0:40:44]} Rxg2 {[%clk 1:26:08]} 22. Qxd5 {[%clk 0:40:59]} Rxg1+
{[%clk 1:26:32]} 23. Kf2 {[%clk 0:41:25]} Bxd5 {[%clk 1:23:03]} 24. Kxg1
{[%clk 0:40:48]} Rg8+ {[%clk 1:23:27]} 25. Kf1 {[%clk 0:41:13]} Rh8
{[%clk 1:16:31]} 26. Bxf5 {[%clk 0:40:11]} exf5 {[%clk 1:16:56]} 27. h3
{[%clk 0:39:51]} b5 {[%clk 1:14:43]} 28. Kf2 {[%clk 0:34:16]} Kb7
{[%clk 1:15:05]} 29. Bd2 {[%clk 0:31:22]} a6 {[%clk 1:13:34]} 30. Be1
{[%clk 0:23:35]} Bc4 {[%clk 1:11:16]} 31. Rf3 {[%clk 0:20:16]} Kc6
{[%clk 1:10:26]} 32. Ke3 {[%clk 0:20:17]} Bd5 {[%clk 1:10:11]} 33. Rg3
{[%clk 0:20:42]} Be4 {[%clk 1:10:19]} 34. Kd4 {[%clk 0:19:36]} Rd8+
{[%clk 1:07:17]} 35. Kc3 {[%clk 0:17:10]} Rd1 {[%clk 1:05:44]} 36. Re3
{[%clk 0:12:52]} Rc1 {[%clk 1:05:43]} 37. Re2 {[%clk 0:13:02]} Bf3
{[%clk 1:05:52]} 38. Re3 {[%clk 0:13:26]} Be4 {[%clk 1:06:12]} 39. Re2
{[%clk 0:13:53]} Bf3 {[%clk 1:06:36]} 40. e6 {[%clk 0:42:27]} fxe6
{[%clk 1:35:36]} 41. Rxe6+ {[%clk 0:42:47]} Kd7 {[%clk 1:35:52]} 42. Re3
{[%clk 0:42:38]} Be4 {[%clk 1:35:46]} 43. Re2 {[%clk 0:43:04]} Ke6
{[%clk 1:36:00]} 44. h4 {[%clk 0:42:10]} Kf7 {[%clk 1:35:55]} 45. Bf2
{[%clk 0:39:42]} Kg6 {[%clk 1:29:32]} 46. Bd4 {[%clk 0:36:52]} Rh1
{[%clk 1:28:09]} 47. Kb4 {[%clk 0:36:48]} Rxh4 {[%clk 1:28:33]} 48. Be5
{[%clk 0:37:07]} Rh6 {[%clk 1:27:27]} 49. Ka5 {[%clk 0:36:14]} Kf7
{[%clk 1:27:28]} 50. c3 {[%clk 0:34:36]} Rc6 {[%clk 1:27:09]} 51. Rh2
{[%clk 0:34:45]} Ke6 {[%clk 1:27:19]} 52. Rh6+ {[%clk 0:33:32]} Kd5
{[%clk 1:27:42]} 53. Rxc6 {[%clk 0:33:57]} Kxc6 {[%clk 1:28:08]} 54. Kxa6
{[%clk 0:34:21]} 1/2-1/2

[Event "imp"]
[Site "?"]
[Date "2015.03.28"]
[Round "5.5"]
[White "Olszewski, Michal"]
[Black "Swiercz, Dariusz"]
[Result "0-1"]
[LiveChessVersion "1.4.4"]
[BlackElo "2622"]
[WhiteElo "2567"]

1. d4 {[%clk 1:30:57]} Nf6 {[%clk 1:30:55]} 2. c4 {[%clk 1:31:23]} e6
{[%clk 1:31:22]} 3. Nf3 {[%clk 1:31:32]} d5 {[%clk 1:31:46]} 4. Nc3
{[%clk 1:31:29]} Bb4 5. Bg5 {[%clk 1:29:45]} h6 {[%clk 1:32:31]} 6. Bxf6
{[%clk 1:30:10]} Qxf6 {[%clk 1:32:58]} 7. g3 {[%clk 1:28:57]} O-O
{[%clk 1:21:51]} 8. Bg2 {[%clk 1:29:16]} dxc4 {[%clk 1:22:07]} 9. O-O
{[%clk 1:26:59]} Nd7 {[%clk 1:13:55]} 10. Qc2 {[%clk 1:19:10]} Qe7
{[%clk 1:03:56]} 11. Nd1 {[%clk 1:03:04]} e5 {[%clk 0:52:51]} 12. Ne3
{[%clk 0:54:11]} exd4 {[%clk 0:51:24]} 13. Nxd4 {[%clk 0:42:27]} Nb6
{[%clk 0:50:27]} 14. Rad1 {[%clk 0:39:47]} c6 {[%clk 0:47:53]} 15. Nef5
{[%clk 0:35:57]} Qf6 {[%clk 0:45:35]} 16. e4 {[%clk 0:32:22]} Rd8
{[%clk 0:33:09]} 17. Qe2 {[%clk 0:25:09]} Bxf5 {[%clk 0:31:06]} 18. Nxf5
{[%clk 0:25:33]} Rxd1 {[%clk 0:24:48]} 19. Rxd1 {[%clk 0:25:34]} Rd8
{[%clk 0:24:55]} 20. Rxd8+ {[%clk 0:24:38]} Qxd8 {[%clk 0:25:24]} 21. e5
{[%clk 0:22:50]} Qd2 {[%clk 0:18:03]} 22. Qg4 {[%clk 0:08:30]} g6
{[%clk 0:12:47]} 23. Ne3 {[%clk 0:08:05]} Bc5 {[%clk 0:12:15]} 24. e6
{[%clk 0:02:34]} Bxe3 {[%clk 0:10:31]} 25. exf7+ {[%clk 0:02:57]} Kf8
{[%clk 0:09:16]} 26. fxe3 {[%clk 0:03:04]} Qxe3+ {[%clk 0:09:38]} 27. Kf1
{[%clk 0:03:28]} Qc1+ {[%clk 0:09:49]} 28. Kf2 {[%clk 0:03:38]} Qxb2+
{[%clk 0:10:08]} 29. Kg1 {[%clk 0:03:46]} Qc1+ {[%clk 0:08:03]} 30. Bf1
{[%clk 0:03:56]} Kxf7 {[%clk 0:05:35]} 31. Qf3+ {[%clk 0:03:38]} Kg7
{[%clk 0:05:52]} 32. h4 {[%clk 0:03:43]} Nd5 {[%clk 0:05:49]} 33. Kh2
{[%clk 0:03:40]} Qe3 {[%clk 0:05:16]} 0-1

[Event "imp"]
[Site "?"]
[Date "2015.03.28"]
[Round "5.6"]
[White "Weichhold, Pawel"]
[Black "Brodowski, Piotr"]
[Result "1/2-1/2"]
[LiveChessVersion "1.4.4"]
[BlackElo "2435"]
[WhiteElo "2404"]

1. e4 {[%clk 1:30:58]} d6 {[%clk 1:30:54]} 2. d4 {[%clk 1:31:21]} Nf6
{[%clk 1:31:16]} 3. Nc3 g6 {[%clk 1:30:37]} 4. f3 {[%clk 1:30:34]} Bg7
{[%clk 1:30:43]} 5. Be3 {[%clk 1:30:56]} a6 {[%clk 1:30:48]} 6. Qd2
{[%clk 1:30:07]} h6 {[%clk 1:29:00]} 7. h4 {[%clk 1:23:30]} b5 {[%clk 1:27:30]}
8. Nh3 {[%clk 1:20:49]} Bb7 {[%clk 1:26:42]} 9. Nf4 {[%clk 1:19:41]} Nbd7
{[%clk 1:26:09]} 10. O-O-O {[%clk 1:18:04]} b4 {[%clk 1:18:22]} 11. Na4
{[%clk 0:54:15]} Rb8 {[%clk 1:09:07]} 12. e5 {[%clk 0:47:01]} dxe5
{[%clk 0:48:30]} 13. dxe5 {[%clk 0:47:07]} Nxe5 {[%clk 0:48:53]} 14. Qxd8+
{[%clk 0:43:58]} Rxd8 {[%clk 0:49:09]} 15. Rxd8+ {[%clk 0:38:58]} Kxd8
{[%clk 0:48:44]} 16. Nc5 {[%clk 0:38:54]} Kc8 {[%clk 0:48:55]} 17. Nxa6
{[%clk 0:36:39]} g5 {[%clk 0:44:18]} 18. hxg5 {[%clk 0:35:25]} hxg5
{[%clk 0:44:44]} 19. Rxh8+ {[%clk 0:35:44]} Bxh8 {[%clk 0:45:10]} 20. Nh3
{[%clk 0:35:53]} g4 {[%clk 0:45:20]} 21. Ng5 {[%clk 0:27:58]} gxf3
{[%clk 0:44:09]} 22. gxf3 {[%clk 0:23:51]} Nd5 {[%clk 0:41:01]} 23. Bd2
{[%clk 0:19:44]} Bf6 {[%clk 0:38:07]} 24. f4 {[%clk 0:17:31]} Bxg5
{[%clk 0:37:48]} 25. fxe5 {[%clk 0:13:08]} Bxd2+ {[%clk 0:38:06]} 26. Kxd2
{[%clk 0:13:36]} Bxa6 {[%clk 0:38:24]} 27. Bxa6+ {[%clk 0:14:04]} Kd7
{[%clk 0:38:48]} 28. Bb7 {[%clk 0:11:19]} Ke6 {[%clk 0:36:58]} 29. Kd3
{[%clk 0:09:13]} Kxe5 {[%clk 0:23:25]} 30. Kc4 {[%clk 0:09:42]} Ne3+
{[%clk 0:22:29]} 31. Kxb4 {[%clk 0:09:23]} Nxc2+ {[%clk 0:16:34]} 32. Kc5
{[%clk 0:09:08]} Nd4 {[%clk 0:17:01]} 33. a4 {[%clk 0:08:22]} f5 {[%clk 0:17:28]}
34. b4 {[%clk 0:07:31]} Ne6+ {[%clk 0:17:36]} 35. Kb5 {[%clk 0:06:08]} Kd6
{[%clk 0:17:06]} 36. a5 {[%clk 0:05:49]} Nd4+ {[%clk 0:15:59]} 37. Kc4
{[%clk 0:05:25]} Nc6 {[%clk 0:14:37]} 38. Kb5 {[%clk 0:05:21]} Nd4+
{[%clk 0:08:34]} 39. Kc4 {[%clk 0:05:49]} Nc6 {[%clk 0:08:58]} 40. Kb5
{[%clk 0:35:41]} Nd4+ {[%clk 0:36:32]} 41. Kc4 1/2-1/2

[Event "imp"]
[Site "?"]
[Date "2015.03.28"]
[Round "5.7"]
[White "Sieciechowicz, Marcin"]
[Black "Mista, Aleksander"]
[Result "1/2-1/2"]
[LiveChessVersion "1.4.4"]
[BlackElo "2597"]
[WhiteElo "2447"]

1. d4 {[%clk 1:30:59]} Nf6 {[%clk 1:30:56]} 2. c4 {[%clk 1:31:25]} g6
{[%clk 1:31:24]} 3. Nc3 {[%clk 1:31:50]} Bg7 {[%clk 1:31:50]} 4. e4
{[%clk 1:32:05]} d6 {[%clk 1:32:16]} 5. f4 {[%clk 1:32:28]} O-O 6. Nf3
{[%clk 1:29:54]} Bg4 {[%clk 1:32:30]} 7. Be2 {[%clk 1:27:35]} Bxf3
{[%clk 1:32:53]} 8. Bxf3 {[%clk 1:27:47]} e5 {[%clk 1:33:20]} 9. fxe5
{[%clk 1:26:11]} dxe5 {[%clk 1:33:47]} 10. d5 {[%clk 1:26:05]} c5
{[%clk 1:34:14]} 11. O-O {[%clk 1:25:11]} Ne8 {[%clk 1:34:38]} 12. Be3
{[%clk 1:23:35]} b6 {[%clk 1:32:39]} 13. a3 {[%clk 1:21:26]} Nd6 {[%clk 1:32:47]}
14. Qe2 {[%clk 1:21:19]} a6 {[%clk 1:19:35]} 15. b4 {[%clk 1:12:55]} Nd7
{[%clk 1:19:45]} 16. Na4 {[%clk 1:11:28]} Qc7 {[%clk 1:17:48]} 17. bxc5
{[%clk 1:09:08]} bxc5 {[%clk 1:17:05]} 18. g4 {[%clk 0:53:23]} Qa5
{[%clk 1:06:19]} 19. Qc2 {[%clk 0:51:33]} f5 {[%clk 0:58:25]} 20. gxf5
{[%clk 0:45:21]} gxf5 {[%clk 0:58:52]} 21. Kh1 {[%clk 0:44:56]} Kh8
{[%clk 0:50:24]} 22. Bg2 {[%clk 0:40:58]} fxe4 {[%clk 0:43:39]} 23. Bh3
{[%clk 0:31:01]} Rxf1+ {[%clk 0:39:47]} 24. Rxf1 {[%clk 0:30:42]} Nb6
{[%clk 0:39:21]} 25. Nxb6 {[%clk 0:28:28]} Qxb6 {[%clk 0:37:36]} 26. Rg1
{[%clk 0:26:45]} Qc7 {[%clk 0:36:14]} 27. Be6 {[%clk 0:25:55]} Rf8
{[%clk 0:24:14]} 28. Bg5 {[%clk 0:16:34]} Nf7 {[%clk 0:19:30]} 29. Bc1
{[%clk 0:10:00]} Nd8 {[%clk 0:17:21]} 30. Bg4 {[%clk 0:06:47]} Nb7
{[%clk 0:15:27]} 31. Qxe4 {[%clk 0:06:36]} Nd6 {[%clk 0:15:33]} 32. Qe2
{[%clk 0:06:02]} Nf5 {[%clk 0:11:48]} 33. Rf1 {[%clk 0:02:25]} Nd4
{[%clk 0:11:52]} 34. Rxf8+ {[%clk 0:02:51]} Bxf8 {[%clk 0:12:20]} 35. Qe4
{[%clk 0:02:23]} Qg7 {[%clk 0:10:53]} 36. Bd2 {[%clk 0:00:44]} Qf6
{[%clk 0:10:55]} 37. Kg2 {[%clk 0:00:51]} Bd6 {[%clk 0:10:54]} 38. Bc8
{[%clk 0:00:37]} Bc7 {[%clk 0:09:12]} 39. Bg4 {[%clk 0:00:37]} Qg7
{[%clk 0:07:15]} 40. Kh3 {[%clk 0:30:35]} Qf6 {[%clk 0:34:29]} 41. Kg2
{[%clk 0:31:00]} Qg7 {[%clk 0:33:51]} 42. Kh1 {[%clk 0:29:07]} Qf6
{[%clk 0:31:30]} 43. Kg2 {[%clk 0:27:47]} 1/2-1/2

[Event "imp"]
[Site "?"]
[Date "2015.03.28"]
[Round "5.8"]
[White "Sadzikowski, Daniel"]
[Black "Krysztofiak, Marcin"]
[Result "1/2-1/2"]
[LiveChessVersion "1.4.4"]
[BlackElo "2410"]
[WhiteElo "2500"]

1. e4 {[%clk 1:30:58]} c6 {[%clk 1:30:51]} 2. d4 {[%clk 1:31:23]} d5
{[%clk 1:31:15]} 3. e5 {[%clk 1:31:51]} Bf5 {[%clk 1:31:24]} 4. Nf3 e6
{[%clk 1:30:57]} 5. Be2 {[%clk 1:32:33]} Nd7 {[%clk 1:30:28]} 6. O-O
{[%clk 1:32:32]} h6 {[%clk 1:30:40]} 7. b3 {[%clk 1:31:32]} Ne7 {[%clk 1:24:42]}
8. c4 {[%clk 1:31:54]} Bg6 {[%clk 1:09:50]} 9. Nc3 {[%clk 1:27:12]} Nf5
{[%clk 1:08:35]} 10. Bd3 {[%clk 1:24:47]} Nh4 {[%clk 0:57:36]} 11. Nxh4
{[%clk 1:20:41]} Bxd3 {[%clk 0:57:39]} 12. Qxd3 {[%clk 1:21:00]} Qxh4
{[%clk 0:58:01]} 13. cxd5 {[%clk 1:15:23]} cxd5 {[%clk 0:58:18]} 14. f4
{[%clk 1:15:10]} g6 {[%clk 0:58:12]} 15. Bd2 {[%clk 0:56:31]} a6 {[%clk 0:57:42]}
16. Rae1 {[%clk 0:49:09]} Nb6 {[%clk 0:44:31]} 17. Nd1 {[%clk 0:39:53]} h5
{[%clk 0:38:47]} 18. Rf3 {[%clk 0:32:01]} Qe7 {[%clk 0:35:12]} 19. Nf2
{[%clk 0:30:36]} Qa3 {[%clk 0:30:17]} 20. Qb1 {[%clk 0:28:35]} Bb4
{[%clk 0:28:35]} 21. Bc1 {[%clk 0:26:55]} Qa5 {[%clk 0:29:00]} 22. Rf1
{[%clk 0:24:10]} Rc8 {[%clk 0:24:52]} 23. Nd3 {[%clk 0:22:28]} Nd7
{[%clk 0:20:37]} 24. Nxb4 {[%clk 0:09:08]} Qxb4 {[%clk 0:21:02]} 25. Qd3
{[%clk 0:09:29]} Nb8 {[%clk 0:20:06]} 26. a3 {[%clk 0:08:19]} Qb6
{[%clk 0:19:43]} 27. h3 {[%clk 0:08:15]} Nc6 {[%clk 0:18:56]} 28. Bb2
{[%clk 0:08:41]} h4 {[%clk 0:16:46]} 29. Kf2 {[%clk 0:05:50]} Ne7
{[%clk 0:16:39]} 30. Re3 {[%clk 0:05:09]} Nf5 {[%clk 0:16:50]} 31. Ree1
{[%clk 0:05:37]} Qb5 {[%clk 0:10:26]} 32. Qxb5+ {[%clk 0:05:31]} axb5
{[%clk 0:10:52]} 33. Rc1 {[%clk 0:05:48]} Kd7 {[%clk 0:11:19]} 34. Rfd1
{[%clk 0:04:29]} Rxc1 {[%clk 0:10:49]} 35. Rxc1 {[%clk 0:04:54]} b6
{[%clk 0:10:05]} 36. Rc2 {[%clk 0:03:23]} Rg8 {[%clk 0:10:02]} 37. Rd2
{[%clk 0:02:52]} Rc8 {[%clk 0:09:41]} 38. Kf3 {[%clk 0:03:08]} Rc7
{[%clk 0:08:52]} 39. Ke2 {[%clk 0:03:12]} Rc8 {[%clk 0:08:38]} 40. Kf3
{[%clk 0:33:10]} Rc7 {[%clk 0:38:48]} 41. Ke2 {[%clk 0:33:33]} Rc8
{[%clk 0:38:50]} 1/2-1/2

[Event "imp"]
[Site "?"]
[Date "2015.03.28"]
[Round "5.9"]
[White "Kolosowski, Mateusz"]
[Black "Maksimenko, Andrei"]
[Result "1-0"]
[LiveChessVersion "1.4.4"]
[BlackElo "2495"]
[WhiteElo "2443"]

1. d4 {[%clk 1:30:57]} Nf6 {[%clk 1:30:54]} 2. c4 {[%clk 1:31:21]} e6
{[%clk 1:31:17]} 3. Nc3 {[%clk 1:31:46]} c5 {[%clk 1:30:02]} 4. d5
{[%clk 1:32:10]} exd5 {[%clk 1:30:26]} 5. cxd5 {[%clk 1:32:36]} d6
{[%clk 1:30:52]} 6. e4 {[%clk 1:33:01]} g6 {[%clk 1:30:56]} 7. Nge2
{[%clk 1:33:26]} Bg7 {[%clk 1:31:08]} 8. Ng3 {[%clk 1:33:50]} O-O
{[%clk 1:30:14]} 9. Be2 {[%clk 1:31:16]} Na6 {[%clk 1:28:54]} 10. O-O
{[%clk 1:30:52]} Nc7 {[%clk 1:28:57]} 11. Bf4 {[%clk 1:26:43]} a6
{[%clk 1:17:20]} 12. Bf3 {[%clk 1:06:06]} Nfe8 {[%clk 1:06:13]} 13. Qd2
{[%clk 0:53:18]} Nb5 {[%clk 0:42:26]} 14. Bg5 {[%clk 0:46:08]} Qc7
{[%clk 0:33:00]} 15. Nce2 {[%clk 0:43:08]} Nd4 {[%clk 0:27:22]} 16. Nxd4
{[%clk 0:43:05]} Bxd4 {[%clk 0:27:48]} 17. Rac1 {[%clk 0:36:35]} Bg7
{[%clk 0:27:32]} 18. Rfe1 {[%clk 0:35:51]} Rb8 {[%clk 0:26:50]} 19. e5
{[%clk 0:27:21]} Bxe5 {[%clk 0:24:07]} 20. Rxe5 {[%clk 0:26:06]} dxe5
{[%clk 0:24:30]} 21. Ne4 {[%clk 0:25:48]} f6 {[%clk 0:20:38]} 22. Bh6
{[%clk 0:25:48]} Rf7 {[%clk 0:18:12]} 23. d6 {[%clk 0:21:15]} Qd8
{[%clk 0:16:41]} 24. Nxc5 {[%clk 0:21:03]} b6 {[%clk 0:16:18]} 25. d7
{[%clk 0:20:02]} bxc5 {[%clk 0:15:44]} 26. dxc8=Q {[%clk 0:19:00]} Rxc8
{[%clk 0:15:27]} 27. Bd5 {[%clk 0:19:24]} Nc7 {[%clk 0:11:12]} 28. Bxf7+
{[%clk 0:19:23]} Kxf7 {[%clk 0:11:39]} 29. Qe2 {[%clk 0:17:23]} Ne6
{[%clk 0:08:12]} 30. Qxa6 {[%clk 0:14:35]} g5 {[%clk 0:08:19]} 31. h4
{[%clk 0:14:35]} Qd7 {[%clk 0:03:08]} 32. Rc3 {[%clk 0:12:17]} Kg6
{[%clk 0:01:28]} 33. hxg5 {[%clk 0:11:58]} fxg5 {[%clk 0:01:36]} 34. Rh3
{[%clk 0:11:27]} Rc6 {[%clk 0:01:42]} 35. Qe2 {[%clk 0:11:13]} Nf4
{[%clk 0:01:27]} 36. Qe4+ {[%clk 0:11:34]} Kf6 {[%clk 0:01:49]} 37. Bxg5+
{[%clk 0:11:49]} Kxg5 {[%clk 0:02:13]} 38. Qxe5+ {[%clk 0:12:14]} 1-0

[Event "imp"]
[Site "?"]
[Date "2015.03.28"]
[Round "5.10"]
[White "Grabarczyk, Miroslaw"]
[Black "Matuszewski, Michal"]
[Result "1/2-1/2"]
[LiveChessVersion "1.4.4"]
[BlackElo "2463"]
[WhiteElo "2433"]

1. d4 {[%clk 1:30:57]} Nf6 {[%clk 1:30:52]} 2. c4 {[%clk 1:31:14]} e6
{[%clk 1:31:13]} 3. Nf3 {[%clk 1:31:05]} d5 {[%clk 1:30:43]} 4. g3
{[%clk 1:30:48]} dxc4 {[%clk 1:30:29]} 5. Qa4+ {[%clk 1:27:34]} Nbd7
{[%clk 1:30:33]} 6. Bg2 {[%clk 1:24:14]} a6 {[%clk 1:30:11]} 7. Nc3
{[%clk 1:23:12]} c5 {[%clk 1:28:33]} 8. dxc5 {[%clk 1:12:10]} Bxc5
{[%clk 1:25:40]} 9. Qxc4 {[%clk 1:12:21]} b5 {[%clk 1:24:57]} 10. Qd3
{[%clk 1:09:37]} Bb7 {[%clk 1:24:08]} 11. O-O {[%clk 1:09:25]} O-O
{[%clk 1:23:28]} 12. Bg5 {[%clk 1:01:44]} Qb6 {[%clk 1:18:26]} 13. Bxf6
{[%clk 0:55:02]} Nxf6 {[%clk 1:18:34]} 14. e3 {[%clk 0:54:55]} Rfd8
{[%clk 1:12:26]} 15. Qe2 {[%clk 0:54:53]} Bb4 {[%clk 1:10:49]} 16. Rac1
{[%clk 0:52:34]} Rac8 {[%clk 1:07:18]} 17. Nb1 {[%clk 0:47:42]} Be4
{[%clk 0:50:13]} 18. Ne5 {[%clk 0:43:17]} Bxg2 {[%clk 0:47:09]} 19. Kxg2
{[%clk 0:43:36]} Qd6 {[%clk 0:47:21]} 20. Nf3 {[%clk 0:37:21]} Qd5
{[%clk 0:45:14]} 21. a3 {[%clk 0:37:02]} Ba5 {[%clk 0:42:38]} 22. Rfd1
{[%clk 0:32:42]} Rxc1 {[%clk 0:38:42]} 23. Rxc1 {[%clk 0:31:12]} g5
{[%clk 0:36:07]} 24. Kg1 {[%clk 0:26:27]} Kg7 {[%clk 0:31:48]} 25. Nd4
{[%clk 0:19:10]} Ne4 {[%clk 0:28:39]} 26. Rc6 {[%clk 0:11:36]} Rd6
{[%clk 0:27:45]} 27. Rxd6 {[%clk 0:09:42]} Nxd6 {[%clk 0:27:35]} 28. Qc2
{[%clk 0:08:41]} Qc4 {[%clk 0:25:54]} 29. Qxc4 {[%clk 0:08:11]} Nxc4
{[%clk 0:26:19]} 30. b3 {[%clk 0:08:32]} Ne5 {[%clk 0:25:08]} 31. a4
{[%clk 0:05:53]} bxa4 {[%clk 0:24:12]} 32. bxa4 {[%clk 0:06:19]} Bb4
{[%clk 0:24:29]} 33. Nc2 {[%clk 0:06:26]} Bc5 {[%clk 0:24:08]} 34. Nd2
{[%clk 0:06:05]} f5 {[%clk 0:22:14]} 35. h3 {[%clk 0:05:23]} Kf6 {[%clk 0:21:55]}
36. Kf1 {[%clk 0:05:16]} h5 {[%clk 0:21:24]} 37. Ke2 {[%clk 0:04:36]} Ke7
{[%clk 0:20:19]} 38. f4 {[%clk 0:03:00]} gxf4 {[%clk 0:18:34]} 39. gxf4
{[%clk 0:03:24]} Nd7 {[%clk 0:18:22]} 40. Nc4 {[%clk 0:31:50]} e5
{[%clk 0:42:23]} 41. fxe5 {[%clk 0:26:25]} Ke6 {[%clk 0:42:24]} 42. Nd4+
{[%clk 0:25:14]} 1/2-1/2

[Event "imp"]
[Site "?"]
[Date "2015.03.28"]
[Round "5.11"]
[White "Skawinski, Arkadiusz"]
[Black "Przybylski, Wojciech"]
[Result "1/2-1/2"]
[LiveChessVersion "1.4.4"]
[BlackElo "2378"]
[WhiteElo "2388"]

1. e4 {[%clk 1:30:57]} e5 {[%clk 1:30:52]} 2. Nf3 {[%clk 1:31:23]} Nc6
{[%clk 1:31:15]} 3. Bb5 {[%clk 1:31:50]} Nf6 {[%clk 1:31:27]} 4. O-O
{[%clk 1:32:11]} Nxe4 {[%clk 1:31:52]} 5. Re1 {[%clk 1:32:38]} Nd6
{[%clk 1:32:04]} 6. Nxe5 {[%clk 1:32:45]} Be7 {[%clk 1:32:02]} 7. Bd3
{[%clk 1:33:09]} Nxe5 {[%clk 1:31:33]} 8. Rxe5 {[%clk 1:33:17]} O-O
{[%clk 1:31:04]} 9. Nc3 {[%clk 1:32:32]} c6 {[%clk 1:31:27]} 10. Qf3
{[%clk 1:32:43]} Ne8 {[%clk 1:26:40]} 11. b3 {[%clk 1:26:09]} d5 {[%clk 1:21:39]}
12. Bb2 {[%clk 1:25:00]} Bf6 {[%clk 1:19:40]} 13. Re2 {[%clk 1:22:49]} Nc7
{[%clk 1:18:25]} 14. Na4 {[%clk 1:14:57]} Bxb2 {[%clk 1:17:24]} 15. Nxb2
{[%clk 1:15:24]} Ne6 {[%clk 1:13:43]} 16. c3 {[%clk 1:10:25]} Qd6
{[%clk 1:11:43]} 17. Qg3 {[%clk 1:04:03]} Qxg3 {[%clk 1:07:35]} 18. hxg3
{[%clk 1:04:08]} g6 {[%clk 1:03:58]} 19. Rae1 {[%clk 1:02:26]} b6
{[%clk 0:51:36]} 20. Re5 {[%clk 0:57:04]} Rd8 {[%clk 0:45:45]} 21. Bc2
{[%clk 0:54:54]} Kg7 {[%clk 0:38:01]} 22. Nd3 {[%clk 0:50:20]} Rd6
{[%clk 0:37:04]} 23. Nf4 {[%clk 0:48:07]} d4 {[%clk 0:24:48]} 24. c4
{[%clk 0:44:22]} Bd7 {[%clk 0:22:04]} 25. b4 {[%clk 0:38:18]} c5 {[%clk 0:18:46]}
26. Be4 {[%clk 0:33:16]} Rc8 {[%clk 0:17:40]} 27. b5 {[%clk 0:28:40]} Nxf4
{[%clk 0:13:59]} 28. gxf4 {[%clk 0:29:04]} Be6 {[%clk 0:14:09]} 29. Bd3
{[%clk 0:20:39]} Ra8 {[%clk 0:11:07]} 30. Be4 {[%clk 0:16:44]} Rb8
{[%clk 0:10:44]} 31. Bd3 {[%clk 0:12:38]} a6 {[%clk 0:10:02]} 32. a4
{[%clk 0:09:53]} axb5 {[%clk 0:07:50]} 33. cxb5 {[%clk 0:10:21]} Bb3
{[%clk 0:05:31]} 34. Rc1 {[%clk 0:09:16]} Bxa4 {[%clk 0:01:55]} 35. Bc4
{[%clk 0:09:44]} d3 {[%clk 0:01:55]} 36. Ra1 {[%clk 0:09:32]} Bc2
{[%clk 0:02:09]} 37. Re7 {[%clk 0:08:45]} Rf8 {[%clk 0:01:15]} 38. Raa7
{[%clk 0:08:35]} Rd4 {[%clk 0:00:38]} 39. Bxf7 {[%clk 0:08:11]} Rxf4
{[%clk 0:00:47]} 40. Bd5+ {[%clk 0:33:56]} Kh6 {[%clk 0:30:35]} 41. Rxh7+
{[%clk 0:33:25]} Kg5 {[%clk 0:29:32]} 42. f3 {[%clk 0:28:29]} Re8
{[%clk 0:09:40]} 43. Be4 {[%clk 0:28:00]} c4 {[%clk 0:06:49]} 44. Rac7
{[%clk 0:26:23]} Bb3 {[%clk 0:05:30]} 45. Rh3 {[%clk 0:23:08]} Rfxe4
{[%clk 0:02:11]} 46. fxe4 {[%clk 0:23:36]} Rxe4 {[%clk 0:01:27]} 47. Rf3
{[%clk 0:23:46]} Re2 {[%clk 0:01:02]} 48. Rf2 {[%clk 0:24:03]} Re5
{[%clk 0:01:22]} 49. Rc6 {[%clk 0:21:41]} Rxb5 {[%clk 0:01:23]} 50. Rf3
{[%clk 0:21:38]} Re5 {[%clk 0:00:37]} 51. Rxb6 {[%clk 0:19:38]} c3
{[%clk 0:00:33]} 52. Rxb3 {[%clk 0:19:51]} c2 {[%clk 0:00:33]} 53. Rf1
{[%clk 0:19:00]} Rd5 {[%clk 0:00:31]} 54. Rc1 {[%clk 0:17:57]} Rd4
{[%clk 0:00:33]} 55. Kf2 {[%clk 0:17:02]} Kf4 {[%clk 0:01:02]} 56. Re1
{[%clk 0:16:53]} Rc4 {[%clk 0:01:01]} 57. g3+ {[%clk 0:13:57]} Kf5
{[%clk 0:00:50]} 58. Rc1 {[%clk 0:14:03]} Ke4 {[%clk 0:01:12]} 59. Rb8
{[%clk 0:13:51]} Kd4 {[%clk 0:00:36]} 60. Kf3 {[%clk 0:13:44]} Rc6
{[%clk 0:00:34]} 61. Rb4+ {[%clk 0:11:34]} Kc5 {[%clk 0:00:38]} 62. Re4
{[%clk 0:08:58]} Rb6 {[%clk 0:00:35]} 63. Kf4 {[%clk 0:09:24]} Rb1
{[%clk 0:00:38]} 64. Ree1 {[%clk 0:09:49]} Rb4+ {[%clk 0:00:33]} 65. Ke5
{[%clk 0:08:03]} Rb8 {[%clk 0:00:34]} 66. Kf6 {[%clk 0:07:10]} Kd4
{[%clk 0:00:33]} 67. g4 {[%clk 0:07:16]} Rf8+ {[%clk 0:00:37]} 68. Kxg6
{[%clk 0:06:30]} Rf2 {[%clk 0:01:06]} 69. Rcd1 {[%clk 0:04:30]} cxd1=Q
{[%clk 0:00:38]} 70. Rxd1 {[%clk 0:04:58]} Ke4 {[%clk 0:00:44]} 71. g5
{[%clk 0:05:15]} Kf3 {[%clk 0:00:44]} 72. Kh7 {[%clk 0:04:53]} Rh2+
{[%clk 0:01:00]} 73. Kg7 {[%clk 0:05:18]} Ke2 {[%clk 0:00:42]} 74. Ra1
{[%clk 0:05:27]} Rh4 {[%clk 0:00:46]} 75. Ra2 {[%clk 0:05:30]} Rc4
{[%clk 0:00:54]} 76. g6 {[%clk 0:05:18]} Rc2 {[%clk 0:01:15]} 77. Ra6
{[%clk 0:05:36]} Kxd2 {[%clk 0:01:23]} 78. Rd6 {[%clk 0:06:00]} Ke2
{[%clk 0:01:12]} 79. Kh7 {[%clk 0:06:18]} 1/2-1/2